Biggest Cities in New South Wales - Statistics

General Stats
  • This quiz has been taken 31 times
  • The average score is 9 of 15
Answer Stats
Population Answer % Correct
4,966,806 Sydney
100%
498,015 Newcastle
93%
309,345 Wollongong
93%
40,888 Orange
75%
96,075 Albury
71%
337,284 Central Coast
71%
39,054 Dubbo
68%
56,887 Wagga Wagga
68%
49,478 Port Macquarie
61%
73,018 Coffs Harbour
57%
37,545 Bathurst
50%
43,251 Tamworth
46%
38,314 Nowra-Bomaderry
39%
28,495 Lismore
32%
40,964 Bowral-Mittagong
14%
No matching quizzes found
Score Distribution
Percent of People with Each Score
Percentile by Number Answered
Your Score History
You have not taken this quiz